000 00845nam a22002297a 4500
005 20240530110923.0
008 220221s1990 ua a g b 000 0 ara d
040 _aEG-CaGPL
_cEG-CaGPL
082 0 4 _221
_a810.9092 /
_bث ح
100 0 _aثريا عبدالفتاح ملحس
245 1 0 _aحزب الشيعة فى ادب العصر الاموى /
_cثريا عبدالفتاح ملحس
250 _aط.1
260 _aبيروت :
_bالشركة العالمية للكتاب ،
_c1990
300 _a512 ص؛
_c20 سم
650 0 7 _aالادب العربى
_2qrmak
650 0 7 _aالشعر العربى
_2qrmak
_yالعصر الاموى
650 0 7 _aالنثر العربى
_2qrmak
650 0 7 _aالشيعة
_2qrmak
650 0 7 _aالعصر الاموى
_2qrmak
942 _2ddc
_cBK
999 _c66513
_d66513